25 Most common and hidden diseases of women: (Record no. 162253)

MARC details
000 -LEADER
fixed length control field 00647nam a2200181 4500
005 - DATE AND TIME OF LATEST TRANSACTION
control field 20190308122621.0
010 ## - LCCN (DPL NO)
LC control number ENG-124855
020 ## - INTERNATIONAL STANDARD BOOK NUMBER
International Standard Book Number 9789351869504
Terms of availability 250.00
035 ## - SYSTEM CONTROL NUMBER
System control number EN-108387
037 ## - SOURCE OF ACQUISITION
Source of stock number/acquisition DBAD/PUB
082 ## - DEWEY DECIMAL CLASSIFICATION NUMBER
Classification number 618
100 ## - MAIN ENTRY--PERSONAL NAME
Personal name Singhai,Kishlay
245 ## - TITLE STATEMENT
Title 25 Most common and hidden diseases of women:
Statement of responsibility, etc by Sanjeeva Pandey[and]Anthony J Gaston
Remainder of title A practical guide to yogic cure for women diseases/
260 ## - PUBLICATION, DISTRIBUTION, ETC. (IMPRINT)
Place of publication, distribution, etc New Delhi
Name of publisher, distributor, etc Prabhat Prakashan
Date of publication, distribution, etc 2016
270 ## - ADDRESS
Address 4/19 Asaf Ali Road,
City New Delhi
Postal code 110002
Telephone number 011-23289777
Electronic mail address prabhathbooks@gmail.com
300 ## - PHYSICAL DESCRIPTION
Extent 135p.
Dimensions 22cm(Hb)
Other physical details ill.
942 ## - ADDED ENTRY ELEMENTS (KOHA)
Source of classification or shelving scheme Dewey Decimal Classification
Item type English Books
Classification part 618
Call number suffix SIN
Holdings
Withdrawn status Lost status Not for loan Collection code Home library Current library Date acquired Source of acquisition Cost, normal purchase price Full call number Barcode Copy number Cost, replacement price Koha item type
      Non-fiction Central Library Central Library 08/03/2019 DBAD/PUB 250.00 618 SIN EN-108387 1 250.00 English Books

© Delhi Public Library
Hit Counter
free hit counter